[Event "Titled Tue 16th May Late"]
[Site "chess.com INT"]
[Date "2023.05.16"]
[Round "11"]
[White "Sarana, A.."]
[Black "Caruana, F.."]
[Result "0-1"]
[WhiteElo "2685"]
[BlackElo "2764"]
[PlyCount "102"]
[EventDate "2023.05.16"]

1. d4 Nf6 2. c4 e6 3. Nc3 Bb4 4. Qc2 O-O 5. a3 Bxc3+ 6. Qxc3 d6 7. Bg5 h6 8. Bh4 Re8 ({RR} 8... Nc6 9. Nf3 g5 10. Bg3 Ne4 11. Qc2 f5 12. e3 Qf6 13. Bd3 Nxg3 14. fxg3 e5 15. d5 e4 16. dxc6 exd3 17. Qxd3 bxc6 18. O-O c5 19. b4 Bb7 20. Nd2 Rae8 21. Rab1 Bc6 22. b5 Bb7 23. a4 {Nakamura,H (2788)-Yu Yangyi (2720) chess.com INT 2024 0-1 (45)}) 9. f3 $146 ({RR} 9. Rd1 Qe7 10. Nf3 Nbd7 11. e3 e5 12. Qc2 Nf8 13. Be2 Ng6 14. Bg3 exd4 15. Nxd4 Ne4 16. O-O Nxg3 17. hxg3 a6 18. Rd2 Qg5 19. Rfd1 Bg4 20. Bxg4 Qxg4 21. Ne2 Qe4 22. Qb3 Re5 23. Rd5 b6 {Wintzer,J (2270)-Van Bentum,H (2072) Germany 2020 1-0 (64)}) ({RR} 9. Nf3 Nbd7 10. Rd1 Qe7 11. e3 e5 12. dxe5 dxe5 13. Be2 b6 14. O-O Bb7 15. b4 a5 16. Bxf6 Nxf6 17. Nd2 e4 18. Rb1 axb4 19. axb4 Ra2 20. Rb2 Rea8 21. Qc2 R2a3 22. Rc1 Rd8 23. c5 Bd5 {Nicoara,M (2042)-Cornileau,J (2076) Paris FRA 2025 0-1 (45)}) 9... e5 10. dxe5 dxe5 11. e3 a5 12. Ne2 a4 13. g4 Na6 14. Rd1 Qe7 15. Rg1 Nc5 16. h3 Ra6 17. Bf2 e4 18. Bg2 exf3 19. Bxf3 Nfe4 20. Qc1 Nb3 21. Qc2 Nxf2 22. Kxf2 Qxe3+ 23. Kg2 h5 24. Ng3 Rf6 25. Rgf1 h4 26. Nh5 Rfe6 27. Bd5 Qe2+ 28. Qxe2 Rxe2+ 29. Kg1 R2e7 30. Rf4 c6 31. Bg2 Re1+ 32. Rxe1 Rxe1+ 33. Kh2 Be6 34. g5 Re2 35. Rxh4 Nd2 36. Kg1 Re1+ 37. Kf2 Rb1 38. Rd4 Rxb2 39. Kg3 Kh7 40. Nf4 Bf5 41. h4 b5 42. cxb5 cxb5 43. Bd5 b4 44. axb4 a3 45. Be6 fxe6 46. h5 Kg8 47. Rd8+ Kf7 48. Rd7+ Kf8 49. g6 e5 50. Nd5 Bxd7 51. h6 gxh6 0-1

[Event "chess.com SpeedChess 2024"]
[Site "chess.com INT"]
[Date "2024.07.31"]
[Round "1.16"]
[White "Sarana, A.."]
[Black "Caruana, F.."]
[Result "1/2-1/2"]
[WhiteElo "2717"]
[BlackElo "2796"]
[PlyCount "100"]
[EventDate "2024.07.25"]
[EventType "k.o."]

1. d4 Nf6 2. c4 e6 3. Nc3 Bb4 4. Qc2 O-O 5. a3 Bxc3+ 6. Qxc3 d5 7. Bg5 h6 8. Bxf6 Qxf6 9. Nf3 dxc4 10. Qxc4 Bd7 ({RR} 10... Nc6 11. Qc3 Re8 12. Rd1 e5 13. d5 Nb8 14. e3 Bg4 15. Be2 Nd7 16. O-O Rac8 17. Qb4 Bxf3 18. Bxf3 Qb6 19. Qxb6 axb6 20. Bg4 Rcd8 21. Bxd7 Rxd7 22. e4 Rd6 23. Rd3 b5 24. Rc1 c6 25. Kf1 {So,W (2761)-Nakamura,H (2768) Saint Louis USA 2023 ½-½ (37)}) 11. Qxc7 $146 ({RR} 11. e3 Rc8 12. Bd3 Bc6 13. e4 Qg6 14. Qc2 Qxg2 15. Ke2 Nd7 16. h4 Qg4 17. h5 Qf4 18. Rag1 f5 19. Rh4 Qd6 20. Rg6 Qe7 21. Rh3 Rf8 22. Rhg3 Rf7 23. Kf1 Nf6 24. exf5 Nxh5 25. Ne5 Nxg3+ {Sarana,A (2717)-Caruana,F (2796) chess.com INT 2024 0-1 (38)}) 11... Bc6 12. e3 Nd7 13. Be2 Qg6 14. d5 exd5 15. Qg3 Qc2 16. Nd4 Qxb2 17. O-O Rfe8 18. Rfb1 Qc3 19. Rc1 Qb2 20. Rab1 Qxa3 21. Nf5 g6 22. Nxh6+ Kf8 23. h4 Qe7 24. h5 Qe5 25. Qh3 Nf6 26. hxg6 fxg6 27. Bd3 Qg5 28. f4 Qh5 29. Qxh5 gxh5 30. Nf5 a5 31. Bb5 Rec8 32. Nd6 Rcb8 33. Bxc6 bxc6 34. Rxb8+ Rxb8 35. Rxc6 Ng4 36. Kf1 Ra8 37. Rc3 a4 38. Ra3 Ke7 39. Nf5+ Ke6 40. Nd4+ Kd6 41. Ke2 Kc5 42. Kd3 Nf6 43. Rc3+ Kb4 44. Nc6+ Kb5 45. Nd4+ Kb4 46. Rc6 Ne4 47. Rb6+ Kc5 48. Rc6+ Kb4 49. Rb6+ Kc5 50. Rc6+ Kb4 1/2-1/2

[Event "chess.com SpeedChess 2024"]
[Site "chess.com INT"]
[Date "2024.07.31"]
[Round "1.2"]
[White "Sarana, A.."]
[Black "Caruana, F.."]
[Result "0-1"]
[WhiteElo "2717"]
[BlackElo "2796"]
[PlyCount "76"]
[EventDate "2024.07.25"]
[EventType "k.o."]

1. d4 Nf6 2. c4 e6 3. Nc3 Bb4 4. Qc2 O-O 5. a3 Bxc3+ 6. Qxc3 d5 7. Bg5 h6 8. Bxf6 Qxf6 9. Nf3 dxc4 10. Qxc4 Bd7 ({RR} 10... Nc6 11. Qc3 Re8 12. Rd1 e5 13. d5 Nb8 14. e3 Bg4 15. Be2 Nd7 16. O-O Rac8 17. Qb4 Bxf3 18. Bxf3 Qb6 19. Qxb6 axb6 20. Bg4 Rcd8 21. Bxd7 Rxd7 22. e4 Rd6 23. Rd3 b5 24. Rc1 c6 25. Kf1 {So,W (2761)-Nakamura,H (2768) Saint Louis USA 2023 ½-½ (37)}) 11. e3 Rc8 12. Bd3 $146 ({RR} 12. Be2 Bc6 13. O-O Nd7 14. Rac1 Be4 15. Nd2 Bd5 16. Qc3 Qg6 17. Bf3 Nf6 18. Qc2 Qxc2 19. Rxc2 Bxf3 20. Nxf3 c6 21. Rfc1 a5 22. Kf1 Rd8 23. Ne5 Rd5 24. Ke2 g5 25. Nc4 Ra6 26. a4 Kg7 {Bok,B (2587)-Caruana,F (2796) chess.com INT 2024 0-1 (59)}) 12... Bc6 13. e4 Qg6 14. Qc2 Qxg2 15. Ke2 Nd7 16. h4 Qg4 17. h5 Qf4 18. Rag1 f5 19. Rh4 Qd6 20. Rg6 Qe7 21. Rh3 Rf8 22. Rhg3 Rf7 23. Kf1 Nf6 24. exf5 Nxh5 25. Ne5 Nxg3+ 26. Rxg3 Rf6 27. fxe6 Qxe6 28. Nxc6 Qxc6 29. Bc4+ Kh8 30. d5 Qc5 31. b4 Qd4 32. Kg2 Raf8 33. f3 c6 34. Bd3 Qxd5 35. Be4 Qe5 36. Qd2 Rd6 37. Qc1 Qf4 38. Qc3 Qd2+ 0-1

[Event "ch-USA 2024"]
[Site "Saint Louis USA"]
[Date "2024.10.18"]
[Round "7.3"]
[White "Sevian, Samuel"]
[Black "Caruana, F.."]
[Result "1/2-1/2"]
[WhiteElo "2689"]
[BlackElo "2796"]
[PlyCount "51"]
[EventDate "2024.10.11"]

1. d4 Nf6 2. c4 e6 3. Nc3 Bb4 4. e3 O-O 5. Bd2 d5 6. a3 Be7 7. Nf3 Nbd7 8. cxd5 exd5 9. Bd3 c6 10. Qc2 Re8 11. O-O Bd6 $146 ({RR} 11... g6 12. b4 a6 13. Na4 Bd6 14. Nc5 b6 15. Nxd7 Bxd7 16. Bc3 Ne4 17. Bb2 f6 18. Nd2 Nxd2 19. Qxd2 Qe7 20. Rfe1 f5 21. Bc3 h5 22. f3 Qg5 23. Qf2 Rf8 24. Bd2 Qf6 25. Rf1 c5 26. bxc5 {Everet,A (2253)-Mantovani,R (2377) Bratto 1999 ½-½ (55)}) 12. Rfe1 Nf8 13. e4 dxe4 14. Nxe4 Nxe4 15. Bxe4 Be6 16. Ng5 g6 17. h4 Be7 18. Nxe6 Nxe6 19. Bxg6 hxg6 20. Rxe6 Bxh4 21. Rxg6+ fxg6 22. Qxg6+ Kh8 23. Qh6+ Kg8 24. Qg6+ Kh8 25. Qh6+ Kg8 26. Qg6+ 1/2-1/2

[Event "USA-ch"]
[Site "Saint Louis"]
[Date "2017.03.29"]
[Round "1"]
[White "Shankland, Samuel L"]
[Black "Caruana, Fabiano"]
[Result "1/2-1/2"]
[WhiteElo "2666"]
[BlackElo "2817"]
[Annotator "Yermolinsky,Alex "]
[PlyCount "73"]
[EventDate "2017.03.29"]
[EventType "tourn"]
[EventRounds "11"]
[EventCountry "USA"]
[EventCategory "18"]
[SourceTitle "CBM 178"]
[Source "ChessBase"]
[SourceDate "2017.05.14"]
[SourceVersion "1"]
[SourceVersionDate "2017.05.14"]
[SourceQuality "1"]

1. d4 Nf6 2. c4 e6 3. Nc3 Bb4 4. Qc2 O-O 5. Nf3 d6 6. g3 b6 7. Bg2 Bb7 8. O-O Nbd7 9. b3 Qe7 $146 ({RR} 9... c5 10. dxc5 bxc5 11. Bb2 Qe7 12. Rfd1 Rfd8 13. Nb5 d5 14. cxd5 exd5 15. e3 a6 16. Nc3 Rac8 17. Nh4 Nf8 18. Nf5 Qc7 19. Na4 d4 20. Bxb7 Qxb7 21. a3 Ne6 22. axb4 Ng5 23. Nxc5 Nh3+ 24. Kf1 {Jakab,A (2235)-Nemitz,A (2250) Budapest HUN 2025 1-0 (35)}) 10. Bb2 Bxc3 11. Qxc3 Ne4 12. Qc2 f5 {Delayed Dutch Defense.} 13. Rad1 Rae8 (13... c5 14. Nd2 Nxd2 15. Rxd2 Bxg2 16. Kxg2 cxd4 17. Rxd4 e5 18. Rd2 Nc5 {I'm sure Fabiano was not too excited with the prospects of holding such a position.}) 14. d5 $1 {Textbook play from Sam.} exd5 15. cxd5 Ndf6 16. Bxf6 Rxf6 (16... Qxf6 17. Nd4 Bxd5 18. Qxc7 {is mildly unpleasant for Black.}) 17. Rd4 Rf7 18. e3 a5 19. a3 Ba6 20. Rc1 g5 21. Rdd1 Bb7 22. Rd4 h5 $6 {A rather nervous attempt to get something out of nothing.} ({Repeating the moves with} 22... Ba6 {would be a silent draw offer with some rating points to be sacrificed. Besides, nothing stops White from trying for more with, say,} 23. b4) 23. Rc4 Bxd5 24. Rxc7 Qxc7 25. Qxc7 Rxc7 26. Rxc7 Bxb3 27. Nd4 Be6 28. Bf1 {Too straightforward.} ({A little subtlety was required:} 28. Bf3 $1 g4 (28... h4 $4 29. Bh5) 29. Be2 {would take care of Black's only chance of counterplay - pushing f5-f4.}) 28... Kf8 29. Rb7 f4 $1 30. exf4 gxf4 31. f3 (31. Rxb6 Bf7 32. gxf4 Nd2 33. Bb5 Re1+ 34. Kg2 Nc4) 31... Nd2 32. Bb5 Bd5 {Having found a target on f3 Black is out of danger now.} 33. Rxb6 Re3 34. Rxd6 Nxf3+ 35. Kf2 Nxd4 36. Rxd5 Nxb5 37. Rxb5 1/2-1/2

[Event "Titled Tue 25th Oct Early"]
[Site "chess.com INT"]
[Date "2022.10.25"]
[Round "8"]
[White "Shankland, S.."]
[Black "Caruana, F.."]
[Result "1-0"]
[WhiteElo "2712"]
[BlackElo "2763"]
[PlyCount "161"]
[EventDate "2022.10.25"]

1. d4 Nf6 2. c4 e6 3. Nc3 Bb4 4. Qc2 d6 5. Nf3 O-O 6. Bd2 b6 7. e4 Bb7 ({RR} 7... c5 8. a3 Bxc3 9. Bxc3 cxd4 10. Nxd4 e5 11. Nf5 Bxf5 12. exf5 Nc6 13. O-O-O Rc8 14. Qd3 Qc7 15. Qxd6 Qxd6 16. Rxd6 Ne4 17. Rd7 Nxc3 18. bxc3 Rfd8 19. Rxd8+ Nxd8 20. Be2 Kf8 21. Rd1 Ke7 22. Rd5 {Ding Liren (2762)-Keymer,V (2738) Karlsruhe GER 2024 ½-½ (59)}) ({RR} 7... c5 8. a3 Bxc3 9. Bxc3 cxd4 10. Nxd4 e5 11. Nb3 Qc7 12. Bd3 a5 13. Qe2 a4 14. Nd2 Nbd7 15. O-O Nc5 16. Bc2 Ne6 17. Qe3 Qc5 18. Rae1 Qxe3 19. Rxe3 Rd8 20. g3 Nd7 21. f4 f6 22. f5 {Gines Esteo,P (2471)-Alsina Leal,D (2488) Salou ESP 2025 1-0 (51)}) 8. Bd3 Nbd7 9. a3 Bxc3 10. Bxc3 $146 ({RR} 10. bxc3 e5 11. O-O Re8 12. Rfe1 c5 13. d5 Bc8 14. a4 a5 15. Rab1 Nf8 16. Rb2 Bg4 17. Be2 N6d7 18. h3 Bh5 19. Nh2 Bxe2 20. Rxe2 Ng6 21. g3 Rf8 22. Ng4 Ne7 23. Ne3 g6 24. Ng2 Kg7 {Olay,E (2343)-Torre,E (2495) Tagaytay City 2011 0-1 (79)}) 10... e5 11. O-O-O Qe7 12. Rhe1 a5 13. g3 Rfe8 14. Nh4 g6 15. f3 a4 16. Ng2 exd4 17. Bxd4 Ne5 18. Be2 Nfd7 19. Ne3 Nc5 20. Kb1 Nb3 21. Bc3 c5 22. f4 Nd7 23. Nd5 Bxd5 24. exd5 Nd4 25. Bxd4 cxd4 26. Rxd4 Nc5 27. Rdd1 Qe3 28. Qd2 Qf2 29. Bg4 Qxd2 30. Rxe8+ Rxe8 31. Rxd2 Re1+ 32. Rd1 Re3 33. Rd2 f5 34. Bd1 Re1 35. Kc2 Kf7 36. Re2 Rh1 37. Rd2 h6 38. Bf3 Rf1 39. Be2 Re1 40. Bd3 Kf6 41. Re2 Rh1 42. Kc3 Rc1+ 43. Bc2 g5 44. Kb4 gxf4 45. gxf4 Rf1 46. Bxa4 Rxf4 47. Bc2 Rf1 48. Kb5 f4 49. b4 f3 50. Re8 Nd7 51. Re6+ Kg5 52. Rxd6 Ne5 53. Re6 Re1 54. h4+ Kxh4 55. Rf6 Kg3 56. d6 f2 57. c5 bxc5 58. bxc5 Rc1 59. Be4 Rc4 60. d7 Nxd7 61. Rf3+ Kg4 62. Rxf2 Rxe4 63. c6 Ne5 64. Rc2 Nf7 65. c7 h5 66. Kc6 Re8 67. Kd7 Ra8 68. c8=Q Rxc8 69. Rxc8 h4 70. Rg8+ Kf5 71. Rg7 Ng5 72. Rg8 Nf7 73. Rg1 h3 74. Rf1+ Kg6 75. Rh1 Ng5 76. a4 Kf5 77. a5 Kg4 78. a6 Ne4 79. a7 Nf2 80. Rxh3 Nxh3 81. a8=Q 1-0

[Event "CCT Final Playoff 2023"]
[Site "Toronto CAN"]
[Date "2023.12.12"]
[Round "7.2"]
[White "So, W.."]
[Black "Caruana, F.."]
[Result "1/2-1/2"]
[WhiteElo "2752"]
[BlackElo "2794"]
[PlyCount "61"]
[EventDate "2023.12.09"]

1. d4 Nf6 2. c4 e6 3. Nc3 Bb4 4. Qc2 O-O 5. e4 d5 6. e5 Ne4 7. Nf3 c5 8. Bd3 cxd4 9. Nxd4 Nd7 10. Bf4 Qh4 11. g3 Qh5 12. O-O g5 13. cxd5 Nxc3 14. dxe6 gxf4 15. exd7 Bxd7 16. bxc3 fxg3 17. hxg3 Rac8 18. Bf5 Bxc3 19. Bxd7 Bxa1 20. Bxc8 Bxd4 21. Bxb7 Qxe5 22. Kg2 Rb8 23. Rb1 $146 ({RR} 23. Rh1 h5 24. Rh4 Kg7 25. Re4 Qf5 26. Qd2 Qxf2+ 27. Qxf2 Bxf2 28. Kxf2 Rxb7 29. Ra4 Kg6 30. Kf3 Kg5 31. Ra5+ f5 32. Ra4 Rc7 33. Kg2 Rd7 34. Kf3 Rf7 35. Ra5 Rc7 36. Ra4 Rc3+ 37. Kg2 Rc7 {Vachier Lagrave,M (2778)-Ding,L (2791) Chess.com INT 2020 ½-½ (40)}) 23... Kg7 24. Qe4 Qxe4+ 25. Bxe4 Rxb1 26. Bxb1 Bb6 27. Bc2 h6 28. Bb3 Bc5 29. Bc4 Bb6 30. Bb3 Bc5 31. Bc4 1/2-1/2

[Event "Champions Showdown Kings"]
[Site "Saint Louis USA"]
[Date "2025.03.05"]
[Round "2.2"]
[White "So, W.."]
[Black "Caruana, F.."]
[Result "0-1"]
[WhiteElo "2748"]
[BlackElo "2783"]
[PlyCount "194"]
[EventDate "2025.03.04"]

1. d4 Nf6 2. c4 e6 3. Nc3 d5 4. Nf3 Bb4 5. e3 O-O 6. Bd2 Nbd7 7. Qc2 Re8 ({RR} 7... Be7 8. cxd5 exd5 9. Bd3 c6 10. O-O Bd6 11. Rfe1 h6 12. h3 Re8 13. a3 Nf8 14. Re2 N8h7 15. Rae1 Bd7 16. Ne5 Bxe5 17. dxe5 Rxe5 18. e4 d4 19. Na4 g5 20. f4 gxf4 21. Bxf4 Qe7 22. Bxe5 {Sivuk,V (2510)-Baum,J (2465) Berlin GER 2025 1-0 (37)}) 8. Rc1 Bf8 $146 ({RR} 8... c6 9. Be2 h6 10. O-O Bd6 11. Rfd1 Qe7 12. h3 dxc4 13. Bxc4 e5 14. Nh4 Nb6 15. Ng6 Qc7 16. Nxe5 Nxc4 17. Nxc4 Bh2+ 18. Kh1 b5 19. Na5 b4 20. Na4 Ne4 21. Bxb4 Bf5 22. Qe2 Bg3 23. Rxc6 {Kojima,S (2392)-Sahithi Varshini,M (2216) Budapest 2022 1-0 (40)}) ({RR} 8... a6 9. Bd3 dxc4 10. Bxc4 b5 11. Be2 Bb7 12. O-O Rc8 13. a3 Bd6 14. b4 e5 15. dxe5 Nxe5 16. Nd4 c5 17. bxc5 Bxc5 18. Qa2 Bxd4 19. exd4 Qxd4 20. Be3 Qh4 21. h3 Nc4 22. Nd1 Bd5 23. Qa1 {Gasanov,E (2481)-Aronian,L (2775) Moscow 2019 0-1 (43)}) ({RR} 8... c6 9. Be2 h6 10. O-O Bd6 11. Rfd1 Qe7 12. h3 dxc4 13. Bxc4 e5 14. Nh4 Nb6 15. Ng6 Qc7 16. Nxe5 Nxc4 17. Nxc4 Bh2+ 18. Kh1 b5 19. Na5 b4 20. Na4 Ne4 21. Bxb4 Bf5 22. Qe2 Bg3 23. Rxc6 {Kojima,S (2392)-Sahithi Varshini,M (2216) Budapest 2022 1-0 (40)}) 9. cxd5 exd5 10. Bd3 c6 11. O-O g6 12. h3 Qe7 13. Rce1 Ne4 14. Bc1 f5 15. b3 Qg7 16. Nd2 Ndf6 17. Nf3 Nd7 18. Nd2 Bd6 19. Bb2 Nxd2 20. Qxd2 Nf6 21. f3 Qh6 22. Bc1 Qh4 23. f4 Bd7 24. Qf2 Qh6 25. Ne2 a5 26. a4 b5 27. Nc3 Rab8 28. Qc2 Qf8 29. Kh2 Rbc8 30. Ne2 bxa4 31. bxa4 c5 32. Ba6 Rc7 33. dxc5 Bxc5 34. Nd4 Qd6 35. Nb5 Bxb5 36. Bxb5 Bb4 37. Qd1 Rec8 38. Bd2 Ne4 39. Bxb4 axb4 40. Qd4 Rc2 41. Bd3 Rd2 42. Rd1 Rxd1 43. Rxd1 Nc3 44. Rc1 Qc5 45. Qe5 b3 46. Qe6+ Kg7 47. Qd7+ Kh8 48. a5 b2 49. Re1 Qc7 50. Qe6 Rb8 51. a6 Kg7 52. Rf1 Rb6 53. Qe8 Rb8 54. Qe6 Rd8 55. Rf2 Na4 56. a7 Nc5 57. a8=Q Rxa8 58. Qxd5 Rd8 59. Qc4 Rxd3 60. Rxb2 Qd6 61. Rb5 Nd7 62. Ra5 Kh6 63. Ra6 Qd5 64. Qxd5 Rxd5 65. g4 Kg7 66. Ra7 Kf6 67. Kg3 h6 68. Ra6+ Kg7 69. Ra7 Kf7 70. Kf3 Ke6 71. Ra6+ Rd6 72. Ra5 Rc6 73. Ra8 Nf6 74. Rh8 Rc2 75. gxf5+ gxf5 76. Kg3 Kf7 77. Kh4 Kg6 78. Ra8 Rc3 79. Ra7 Rb3 80. Rc7 Ra3 81. Rb7 h5 82. Re7 Ne4 83. Re6+ Kf7 84. Rh6 Rxe3 85. Rxh5 Ke6 86. Rh6+ Kd5 87. Rh5 Nd6 88. Kg5 Ke4 89. Rh4 Rf3 90. Rh7 Rg3+ 91. Kf6 Kxf4 92. Rh4+ Ke3 93. Ke5 f4 94. Kxd6 f3 95. Ke5 f2 96. Re4+ Kf3 97. Rf4+ Kg2 0-1

[Event "ch-USA 2023"]
[Site "Saint Louis USA"]
[Date "2023.10.17"]
[Round "11.3"]
[White "So, W.."]
[Black "Caruana, F.."]
[Result "1/2-1/2"]
[WhiteElo "2753"]
[BlackElo "2786"]
[PlyCount "61"]
[EventDate "2023.10.05"]

1. d4 Nf6 2. c4 e6 3. Nc3 Bb4 4. Qc2 O-O 5. e4 d5 6. e5 Ne4 7. Bd3 c5 8. Nf3 cxd4 9. Nxd4 Nd7 10. Bf4 Qh4 11. g3 Qh5 12. O-O g5 13. cxd5 Nxc3 14. dxe6 gxf4 15. exd7 fxg3 16. hxg3 Bxd7 17. bxc3 Rac8 18. Bf5 Bxc3 19. Bxd7 Bxa1 20. Bxc8 Bxd4 21. Bxb7 Qxe5 22. Kg2 Rb8 23. Rb1 Kg7 24. Bf3 Rxb1 25. Qxb1 h6 26. Qe4 Qxe4 27. Bxe4 Bb6 28. Bc2 $146 ({RR} 28. f4 Bd4 29. Kf3 Bb6 30. g4 Bc5 {½-½ (30) Nepomniachtchi,I (2770)-Caruana,F (2796) chess.com INT 2024}) 28... Bd4 29. Be4 Bb6 30. Bc2 Bd4 31. Be4 1/2-1/2

[Event "American Cup Champ"]
[Site "Saint Louis USA"]
[Date "2023.03.20"]
[Round "2.2"]
[White "So, W.."]
[Black "Caruana, F.."]
[Result "1/2-1/2"]
[WhiteElo "2761"]
[BlackElo "2766"]
[PlyCount "104"]
[EventDate "2023.03.17"]
[EventType "k.o."]

1. d4 Nf6 2. c4 e6 3. Nc3 Bb4 4. Qc2 d5 5. a3 Bxc3+ 6. Qxc3 dxc4 7. Qxc4 b6 8. Nf3 Ba6 9. Qa4+ Qd7 10. Qc2 O-O 11. Bg5 c5 12. dxc5 Rc8 13. Rd1 ({RR} 13. Bxf6 gxf6 14. Qe4 Qb5 15. b4 bxc5 16. e3 Qb7 17. Qg4+ Kf8 18. b5 Bxb5 19. Rb1 a6 20. a4 f5 21. Qf4 Qe4 22. Qh6+ Ke7 23. Qg5+ Kf8 24. Qh6+ Ke7 25. Qg5+ Kf8 26. Qh6+ {½-½ (26) Andreikin,D (2706)-Matlakov,M (2728) Tbilisi 2017}) 13... Qe7 14. e4 Bxf1 15. Kxf1 $146 ({RR} 15. Rxf1 Qb7 16. Bxf6 {½-½ (16) Holm,K (2474)-Haug,J (2376) Oslo 2018}) 15... h6 16. Bxf6 Qxf6 17. e5 Qe7 18. Qe4 Nc6 19. cxb6 axb6 20. g3 b5 21. Nd4 Nxd4 22. Rxd4 Ra4 23. Rxa4 bxa4 24. Kg2 Qd7 25. Re1 Qb5 26. Re2 Rc1 27. h4 g6 28. Kh2 h5 29. Rc2 Rxc2 30. Qxc2 Qxe5 31. Qxa4 Qxb2 32. Qa7 e5 33. a4 e4 34. Kg2 Qb4 35. Qa8+ Kg7 36. Qc6 e3 37. fxe3 Qd2+ 38. Kh3 Qxe3 39. a5 Qd3 40. Qc5 Qd7+ 41. Kg2 Qd2+ 42. Kf3 Qd3+ 43. Kf4 f6 44. Qe7+ Kh6 45. Qxf6 Qd2+ 46. Kf3 Qd3+ 47. Kg2 Qd2+ 48. Kh3 Qd7+ 49. Kh2 Qd2+ 50. Kh3 Qd7+ 51. Kg2 Qd2+ 52. Kh3 Qd7+ 1/2-1/2

[Event "USA-ch"]
[Site "Saint Louis"]
[Date "2021.10.09"]
[Round "4"]
[White "So, Wesley"]
[Black "Caruana, Fabiano"]
[Result "1/2-1/2"]
[WhiteElo "2778"]
[BlackElo "2800"]
[PlyCount "52"]
[EventDate "2021.10.06"]
[EventType "tourn"]
[EventRounds "11"]
[EventCountry "USA"]
[EventCategory "18"]
[SourceTitle "CBM 204 Extra"]
[Source "ChessBase"]
[SourceDate "2022.09.12"]
[SourceVersion "1"]
[SourceVersionDate "2022.09.12"]
[SourceQuality "1"]

1. d4 Nf6 2. c4 e6 3. Nc3 Bb4 4. Qc2 O-O 5. a3 Bxc3+ 6. Qxc3 d6 7. Nf3 Re8 8. b4 a5 9. Bb2 axb4 10. axb4 Rxa1+ 11. Bxa1 b5 12. cxb5 Nbd7 $146 ({RR} 12... Bb7 13. e3 Bxf3 14. gxf3 Nd5 15. Qd2 Nd7 16. e4 N5f6 17. Be2 Nh5 18. O-O Nf8 19. Rc1 Ng6 20. Kh1 h6 21. Bb2 Qh4 22. Bf1 Re7 23. Rc2 Nhf4 24. Bc1 e5 25. d5 Qh5 26. Rc3 Nh3 27. Qc2 {Shengelia,D (2519)-Vitiugov,N (2727) Czech Republic 2022 ½-½ (36)}) 13. e3 Nb6 14. Bd3 Bb7 15. O-O Bxf3 16. gxf3 Nfd5 17. Qb3 Qh4 18. Kg2 e5 19. dxe5 Re6 20. exd6 Qg5+ 21. Kh1 Qh5 22. Qb2 Qxf3+ 23. Kg1 Qg4+ 24. Kh1 Qf3+ 25. Kg1 Qg4+ 26. Kh1 Qf3+ 1/2-1/2

[Event "11th Sinquefield Cup"]
[Site "Saint Louis USA"]
[Date "2024.08.20"]
[Round "2.4"]
[White "So, W.."]
[Black "Caruana, F.."]
[Result "1/2-1/2"]
[WhiteElo "2751"]
[BlackElo "2793"]
[PlyCount "83"]
[EventDate "2024.08.19"]

1. d4 Nf6 2. c4 e6 3. Nc3 Bb4 4. e3 O-O 5. Bd3 d5 6. a3 dxc4 7. Bxc4 Bd6 8. Nf3 Nc6 9. O-O e5 10. d5 Ne7 11. e4 a6 ({RR} 11... h6 12. h3 a6 13. Be3 Bd7 14. Rc1 b5 15. Bb3 Ng6 16. Re1 Qe7 17. Nd2 Rab8 18. Ne2 Nh5 19. Ng3 Nhf4 20. Nf3 Qf6 21. Bc2 b4 22. a4 b3 23. Bxb3 Rb7 24. Nf5 Bxf5 25. exf5 Qxf5 26. Bc2 {So,W (2745)-Giri,A (2748) Zagreb CRO 2025 1-0 (48)}) 12. a4 $146 ({RR} 12. h3 Ng6 13. Nh2 h6 14. Be3 Bd7 15. Rc1 Qe7 16. Re1 Kh7 17. Bd3 Kh8 18. Na4 Rae8 19. Nc5 Bc8 20. Nf1 Nf4 21. Ng3 Nh7 22. b4 Qh4 23. Bf1 Ng5 24. Nf5 Bxf5 25. exf5 Nfxh3+ 26. gxh3 Nxh3+ {Drygalov,A (2475)-Bluebaum,M (2655) chess.com INT 2024 0-1 (42)}) 12... h6 13. h3 Bd7 14. Re1 Rc8 15. Be3 c6 16. dxc6 Bxc6 17. Qb3 Ng6 18. Rad1 Qe7 19. Nd5 Nxd5 20. Bxd5 Bb4 21. Rf1 Bc5 22. Bxc5 Qxc5 23. Rfe1 b5 24. Bxc6 Rxc6 25. Rd5 Qc2 26. Qxc2 Rxc2 27. axb5 Nf4 28. Rd7 axb5 29. b4 Rb2 30. Nxe5 Rxb4 31. Nd3 Nxd3 32. Rxd3 Rb8 33. Rd7 Rc4 34. e5 b4 35. e6 fxe6 36. Rxe6 b3 37. Ree7 b2 38. Rxg7+ Kh8 39. Rh7+ Kg8 40. Rhg7+ Kh8 41. Rh7+ Kg8 42. Rhg7+ 1/2-1/2

[Event "Titled Tue 22nd Nov Late"]
[Site "chess.com INT"]
[Date "2022.11.22"]
[Round "5"]
[White "Tang, Andrew"]
[Black "Caruana, F.."]
[Result "0-1"]
[WhiteElo "2539"]
[BlackElo "2766"]
[PlyCount "120"]
[EventDate "2022.11.22"]

1. d4 {Yermolinsky,Alex} Nf6 2. c4 e6 3. Nc3 Bb4 4. Qc2 O-O 5. Nf3 d6 6. g3 Nc6 ({RR} 6... b6 7. Bg2 Bb7 8. O-O Nbd7 9. b3 Qe7 10. Bb2 Bxc3 11. Qxc3 Ne4 12. Qc2 f5 13. Rad1 Rae8 ({RR} 13... c5 14. Nd2 Nxd2 15. Rxd2 Bxg2 16. Kxg2 cxd4 17. Rxd4 e5 18. Rd2 Nc5) 14. d5 exd5 15. cxd5 Ndf6 16. Bxf6 Rxf6 ({RR} 16... Qxf6 17. Nd4 Bxd5 18. Qxc7) 17. Rd4 Rf7 18. e3 a5 19. a3 Ba6 20. Rc1 g5 21. Rdd1 {Shankland,S (2666)-Caruana,F (2817) Saint Louis 2017 CBM 178 [Yermolinsky,Alex ] ½-½ (37)} ({RR} 21. b4)) 7. Bg2 e5 8. d5 Nb8 $146 ({RR} 8... Ne7 9. O-O Ng6 10. Na4 Ba5 11. a3 c6 12. b4 Bc7 13. e4 cxd5 14. exd5 h6 15. Bb2 Re8 16. Nd2 Bd7 17. Rac1 a5 18. Nc3 axb4 19. axb4 Qc8 20. c5 Bh3 21. Nde4 Bxg2 22. Kxg2 Nxe4 23. Qxe4 {Schekachikhin,M (2350)-Levin,E (2511) St Petersburg 2016 ½-½ (50)}) ({RR} 8... Ne7 9. O-O Bf5 10. Qb3 Bxc3 11. Qxc3 a5 12. b3 Ne4 13. Qe1 Nc5 14. Bb2 h6 15. Qc3 Qd7 16. a3 Bh3 17. Rfe1 Bxg2 18. Kxg2 b5 19. Nd2 bxc4 20. bxc4 Rfb8 21. Rab1 f5 22. Ba1 c6 23. f4 {De Souza,C (2018)-Injac,T (2425) chess.com INT 2024 0-1}) ({RR} 8... Ne7 9. O-O Bxc3 10. Qxc3 a5 11. b3 Bf5 12. Bb2 h6 13. Nh4 Bh7 14. f4 Nd7 15. e4 f6 16. f5 c6 17. g4 Qb6+ 18. Kh1 Rfc8 19. Qg3 Kf8 20. Nf3 Bg8 21. h4 a4 22. Nd2 axb3 23. axb3 {Tang,A (2523)-Martinez Alcantara,J (2619) chess.com INT 2023 1-0 (44)}) 9. O-O a5 10. Na4 Nbd7 11. Be3 Re8 12. a3 Bc5 13. Nxc5 Nxc5 14. b4 Na6 15. Qb2 Bf5 16. Rfd1 Qd7 17. b5 Nc5 18. Bxc5 dxc5 19. Nxe5 Qe7 20. Nd3 Qd6 21. e3 b6 22. Rac1 h5 23. Qd2 h4 24. Nf4 g5 25. Ne2 Bg6 26. f3 Nd7 27. e4 Qf6 28. Qc3 Qxc3 29. Rxc3 Rad8 30. Kf2 hxg3+ 31. hxg3 Kg7 32. Re1 Nf6 33. Re3 Nd7 34. f4 Nf6 35. Nc3 Ng4+ 36. Kf3 Bh5 37. Bh3 Nxe3+ 38. Kxe3 Rh8 39. Bg2 Bg4 40. Kf2 Rh2 41. Kg1 Rh6 42. e5 gxf4 43. gxf4 Rg6 44. Kf2 Rh8 45. Rh1 Rxh1 46. Bxh1 Bf5 47. Be4 Bxe4 48. Nxe4 Kf8 49. Ng3 Rh6 50. Kg2 Rh4 51. Kf3 Rh2 52. Nf5 Ra2 53. d6 cxd6 54. Nxd6 Rxa3+ 55. Ke4 Rc3 56. Nc8 Rxc4+ 57. Kd5 Rd4+ 58. Kc6 c4 59. Nxb6 c3 60. Kc5 Rd1 0-1